000 01233nam a2200301Ia 4500
001 u21550
003 SIRSI
005 20180219123659.0
007 he|bmb|||bacu
008 000306s1983 ua a bb 000 0 eng d
039 9 _a200301111045
_bsaid
_y200203190951
_zload
040 _aEAL.
041 _aeng
_bara
090 _aThesis
_bS-776
100 1 _aAgag, Ahmed El-Sayed Mahmoud.
245 1 0 _aMorphopathological and clinicopathological studies on goat following experimental infection with the rift valley virus
_h[microform] /
_cby Ahmed El-Sayed Mahmoud Agag.
246 1 5 _aدراسة التغيرات المورفوباثولوجية والاكلينيكية الباثولوجية على الماعز المصاب تجريبيا بفيروس حمي الوادي المتصدع.
260 _c1983.
300 _a94, 2 leaves :
_bill. ;
_c30 cm.
502 _aThesis (M.S.)--Cairo Universty, 1983.
504 _aIncludes bibliographical references (leaves 76-94).
533 _aMicrofiche.
_bCairo, Egypt :
_cASUNET,
_e2 microfiches : negative.
546 _aSummary in Arabic.
596 _a1
650 0 _aGoats
_xDiseases.
650 0 _aRift valley fever.
942 _cMIC
_2lcc
999 _c2043
_d2043